[Event "25th European Teams Women"]
[Site "Batumi GEO"]
[Date "2025.10.14"]
[Round "9.3"]
[Board "3"]
[White "Safarli, Josefine"]
[Black "Toncheva, Nadya"]
[Result "0-1"]
[WhiteTitle "WGM"]
[BlackTitle "FM"]
[WhiteElo "2276"]
[BlackElo "2332"]
[WhiteTeam "Germany"]
[BlackTeam "Bulgaria"]
[WhiteFideId "12900460"]
[BlackFideId "2924056"]
[EventDate "2025.10.05"]

1. e4 c5 2. Nf3 Nc6 3. Bb5 e6 4. O-O Nge7 5. Re1 Ng6 6. c3 Be7 7. d4 cxd4 8.
cxd4 d5 9. e5 O-O 10. Nc3 Bd7 11. Be3 f6 12. exf6 Bxf6 13. g3 Rc8 14. h4 Nge7
15. Bd3 Be8 16. Ng5 Bxg5 17. Bxg5 Qd7 18. Bxe7 Nxe7 19. Qg4 Rf6 20. Rac1 Bg6 21.
Bxg6 Rxg6 22. Qh3 h5 23. Rcd1 Nf5 24. Ne2 Rg4 25. Nf4 Nxh4 26. Nxh5 Nf3+ 27. Kf1
Qb5+ 28. Kg2 Nxe1+ 29. Rxe1 Rg6 30. Nf4 Rh6 31. Qg4 Qd7 32. Re2 Rc6 33. a3 Qf7
34. Nd3 Qh5 35. Qxh5 Rxh5 36. Nc5 e5 37. Nxb7 exd4 38. Na5 d3 39. Rd2 Rc2 40.
Nb3 Rxd2 41. Nxd2 Re5 42. Kf3 Re2 43. Nb3 Rxb2 44. Nc5 d2 45. Ke2 d1=Q+ 46. Kxd1
Rxf2 0-1

[Event "25th European Teams Women"]
[Site "Batumi GEO"]
[Date "2025.10.14"]
[Round "9.3"]
[Board "4"]
[White "Radeva, Viktoria"]
[Black "Schulze, Lara"]
[Result "1/2-1/2"]
[WhiteTitle "WGM"]
[BlackTitle "FM"]
[WhiteElo "2292"]
[BlackElo "2319"]
[WhiteTeam "Bulgaria"]
[BlackTeam "Germany"]
[WhiteFideId "2915405"]
[BlackFideId "12956830"]
[EventDate "2025.10.05"]

1. e4 e5 2. Nf3 Nc6 3. Nc3 Nf6 4. Bb5 Bb4 5. O-O O-O 6. Bxc6 dxc6 7. d3 Re8 8.
Ne2 Nd7 9. h3 Nf8 10. Nh2 Ng6 11. Kh1 Bd6 12. f4 exf4 13. Nxf4 Qe7 14. Nxg6 hxg6
15. Bf4 Bxf4 16. Rxf4 Qe5 17. Qc1 g5 18. Rf1 f6 19. b3 c5 20. a4 a5 21. Qd1 Be6
22. Qh5 Bf7 23. Qf3 Be6 24. Rae1 Rad8 25. Re2 b6 26. Ref2 Rf8 27. Ng4 Bxg4 28.
Qxg4 g6 29. g3 Kg7 30. h4 gxh4 31. gxh4 Rh8 32. Rxf6 Qxf6 33. Rxf6 Kxf6 34. Qf4+
Ke6 35. Qxc7 Rxh4+ 36. Kg2 Rdh8 37. Qxb6+ Ke5 38. Qxc5+ Kf4 39. Qd6+ Ke3 40.
Qg3+ Kd4 41. e5 g5 42. c4 R8h6 43. Qf2+ Kxe5 44. Qc5+ 1/2-1/2

[Event "25th European Teams Women"]
[Site "Batumi GEO"]
[Date "2025.10.14"]
[Round "9.4"]
[Board "1"]
[White "Dzagnidze, Nana"]
[Black "Khademalsharieh, Sarasadat"]
[Result "0-1"]
[WhiteTitle "GM"]
[BlackTitle "IM"]
[WhiteElo "2496"]
[BlackElo "2444"]
[WhiteTeam "Georgia 1"]
[BlackTeam "Spain"]
[WhiteFideId "13601903"]
[BlackFideId "12512214"]
[EventDate "2025.10.05"]

1. d4 d5 2. c4 e6 3. Nc3 Nf6 4. cxd5 exd5 5. Bg5 c6 6. e3 Bf5 7. Qf3 Bg6 8. Bxf6
Qxf6 9. Qxf6 gxf6 10. Nf3 Nd7 11. Nh4 Bb4 12. Kd2 a5 13. Bd3 a4 14. f4 Bxd3 15.
Kxd3 Nb6 16. b3 Kd7 17. Ne2 Rhe8 18. Nf5 Bf8 19. g4 Kc7 20. h4 Nd7 21. Rhc1 Ra5
22. Nc3 Ba3 23. Rc2 Nb6 24. g5 Kd7 25. Rb1 axb3 26. Rxb3 Ra6 27. e4 fxg5 28.
hxg5 dxe4+ 29. Nxe4 Kc7 30. Nf6 Re1 31. Rh2 Ra5 32. Rxh7 Rxf5 33. Rxf7+ Kc8 34.
Rxb6 Be7 35. d5 Bxf6 36. gxf6 Rxd5+ 37. Kc2 Re2+ 38. Kb3 Re3+ 39. Ka4 Rd4+ 40.
Rb4 b5+ 41. Ka5 Ra3+ 42. Kb6 Rxb4 43. f5 Rf4 44. Kxc6 Ra6+ 45. Kxb5 Rxa2 0-1

[Event "25th European Teams Women"]
[Site "Batumi GEO"]
[Date "2025.10.14"]
[Round "9.4"]
[Board "2"]
[White "Vega Gutierrez, Sabrina"]
[Black "Batsiashvili, Nino"]
[Result "1-0"]
[WhiteTitle "IM"]
[BlackTitle "GM"]
[WhiteElo "2362"]
[BlackElo "2469"]
[WhiteTeam "Spain"]
[BlackTeam "Georgia 1"]
[WhiteFideId "2219026"]
[BlackFideId "13602993"]
[EventDate "2025.10.05"]

1. e4 c6 2. d4 d5 3. e5 c5 4. dxc5 e6 5. Qh5 Bxc5 6. Bd3 Nc6 7. Nf3 Nb4 8. O-O
Ne7 9. Bg5 h6 10. Nc3 Bd7 11. a3 Nxd3 12. cxd3 Rc8 13. Ne2 a5 14. d4 Bb6 15.
Rfc1 Rxc1+ 16. Rxc1 Bc6 17. Nf4 Qd7 18. Bxe7 Qxe7 19. Qg4 g6 20. h4 Bd8 21. h5
g5 22. Nd3 Bb5 23. Rc3 Bc4 24. Nh2 Rg8 25. a4 Kf8 26. Qf3 g4 27. Nxg4 Qh4 28.
Nxh6 Rg7 29. Nc5 Ke7 30. Nxb7 Bc7 31. Nd6 Bxd6 32. exd6+ Ke8 33. Rxc4 Qg5 34.
Rc8+ Kd7 35. Rc7+ Kxd6 36. Nxf7+ Rxf7 37. Qxf7 1-0

[Event "25th European Teams Women"]
[Site "Batumi GEO"]
[Date "2025.10.14"]
[Round "9.4"]
[Board "3"]
[White "Javakhishvili, Lela"]
[Black "Matnadze Bujiashvili, Ann"]
[Result "1-0"]
[WhiteTitle "IM"]
[BlackTitle "IM"]
[WhiteElo "2423"]
[BlackElo "2321"]
[WhiteTeam "Georgia 1"]
[BlackTeam "Spain"]
[WhiteFideId "13601458"]
[BlackFideId "13601377"]
[EventDate "2025.10.05"]

1. c4 Nf6 2. Nc3 d5 3. cxd5 Nxd5 4. d4 e6 5. e4 Nxc3 6. bxc3 c5 7. a3 Be7 8. Nf3
O-O 9. Bd3 b6 10. Qe2 Nc6 11. Be3 f5 12. exf5 exf5 13. Rd1 Bf6 14. dxc5 Qe7 15.
O-O bxc5 16. Qa2+ Be6 17. Bc4 Rfe8 18. Bxc5 Qxc5 19. Bxe6+ Kh8 20. Bd7 Rf8 21.
Qd5 Qxd5 22. Rxd5 Ne7 23. Rd3 Ng6 24. c4 Be7 25. a4 Rad8 26. g3 f4 27. g4 Rb8
28. Rc1 Bc5 29. Rd5 Ba3 30. Ra1 Bb4 31. Rad1 Ne7 32. Re5 Ng6 33. Rg5 Rfd8 34.
Rgd5 Ne7 35. R5d3 Ng6 36. h4 Rf8 37. h5 Ne7 38. Ng5 Ba5 39. c5 Rb2 40. Bb5 Rc2
41. Rd7 Nc8 42. Ne6 Rg8 43. Bd3 Rc3 44. h6 g6 45. Ng5 Re8 46. Rxh7+ Kg8 47. Rg7+ 1-0

[Event "25th European Teams Women"]
[Site "Batumi GEO"]
[Date "2025.10.14"]
[Round "9.4"]
[Board "4"]
[White "Calzetta Ruiz, Monica"]
[Black "Arabidze, Meri"]
[Result "0-1"]
[WhiteTitle "WGM"]
[BlackTitle "IM"]
[WhiteElo "2221"]
[BlackElo "2417"]
[WhiteTeam "Spain"]
[BlackTeam "Georgia 1"]
[WhiteFideId "2204185"]
[BlackFideId "13604040"]
[EventDate "2025.10.05"]

1. e4 d6 2. d4 Nf6 3. Nc3 e5 4. Nf3 Nbd7 5. Bc4 Be7 6. O-O O-O 7. Re1 c6 8. a4
b6 9. b3 a6 10. Bb2 Bb7 11. Bd3 exd4 12. Nxd4 g6 13. f4 Re8 14. Nf3 Nh5 15. Qd2
Bf8 16. Rad1 Nc5 17. f5 b5 18. Bf1 Qb6 19. Qf2 Nd7 20. Qxb6 Nxb6 21. g4 Nf6 22.
g5 Nh5 23. axb5 cxb5 24. Nd2 Rac8 25. Bd3 Nf4 26. Bf1 d5 27. fxg6 hxg6 28. exd5
Rxe1 29. Rxe1 Bg7 30. Re4 Nfxd5 31. Nd1 Bxb2 32. Nxb2 Rxc2 33. Re8+ Kg7 34. Nbc4
bxc4 35. Nxc4 Nxc4 36. Bxc4 Nf4 37. h4 Bd5 38. Bxa6 Bxb3 39. Bb7 Bd5 40. Bxd5
Nxd5 41. Re4 Rb2 42. Rd4 Ne3 43. Re4 Nf5 44. Rf4 Rb5 45. Kf2 Rd5 0-1

[Event "25th European Teams Women"]
[Site "Batumi GEO"]
[Date "2025.10.14"]
[Round "9.5"]
[Board "1"]
[White "Atalik, Ekaterina"]
[Black "Milliet, Sophie"]
[Result "0-1"]
[WhiteTitle "IM"]
[BlackTitle "IM"]
[WhiteElo "2357"]
[BlackElo "2360"]
[WhiteTeam "Turkiye"]
[BlackTeam "France"]
[WhiteFideId "4130189"]
[BlackFideId "623725"]
[EventDate "2025.10.05"]

1. d4 Nf6 2. c4 e6 3. Nc3 Bb4 4. f3 c5 5. d5 b5 6. e4 d6 7. Bf4 exd5 8. cxd5 a6
9. a4 O-O 10. Bg5 Re8 11. Qd2 bxa4 12. Rxa4 Nbd7 13. Kf2 h6 14. Bxf6 Nxf6 15.
Qc2 Qb6 16. Bc4 Bd7 17. Ra2 Bxc3 18. bxc3 Bb5 19. Rb2 Nd7 20. Qb1 Ne5 21. Bxb5
c4+ 22. Kg3 axb5 23. Rxb5 Qe3 24. Nh3 Nd3 25. Qg1 Qd2 26. Qd4 Ra2 27. Rg1 h5 28.
Kh4 Qh6 29. Rb7 Ne5 30. Nf2 Ng6+ 0-1

[Event "25th European Teams Women"]
[Site "Batumi GEO"]
[Date "2025.10.14"]
[Round "9.5"]
[Board "2"]
[White "Navrotescu, Andreea"]
[Black "Caglar, Sila"]
[Result "1-0"]
[WhiteTitle "WGM"]
[BlackTitle "WIM"]
[WhiteElo "2257"]
[BlackElo "2304"]
[WhiteTeam "France"]
[BlackTeam "Turkiye"]
[WhiteFideId "675946"]
[BlackFideId "6364063"]
[EventDate "2025.10.05"]

1. d4 d5 2. c4 e6 3. Nc3 h6 4. Nf3 Nf6 5. Bf4 Bd6 6. Qc1 Nc6 7. c5 Bxf4 8. Qxf4
Bd7 9. a3 a5 10. g3 O-O 11. Bg2 Nh5 12. Qd2 a4 13. Qc2 b6 14. Nxa4 Nxd4 15. Nxd4
Rxa4 16. b4 bxc5 17. Qxc5 Nf6 18. Nb3 Ra8 19. O-O Ba4 20. Qc3 Qd6 21. Rfc1 Rfc8
22. Nc5 Nd7 23. Qd4 Nb6 24. Nb7 Qe7 25. e4 Ra7 26. Nc5 e5 27. Qd2 d4 28. f4 Rd8
29. Nd3 exf4 30. gxf4 Bb5 31. Ne5 Qe6 32. Rc5 c6 33. f5 Qb3 34. Ng4 Nc4 35. Qf4
h5 36. Qg5 hxg4 37. Qxd8+ Kh7 38. f6 Qe3+ 39. Kh1 Rxa3 40. Rf1 gxf6 41. Rh5+ Kg6
42. Qxf6+ 1-0

[Event "25th European Teams Women"]
[Site "Batumi GEO"]
[Date "2025.10.14"]
[Round "9.5"]
[Board "3"]
[White "Aydin, Gulenay"]
[Black "Guichard, Pauline"]
[Result "1/2-1/2"]
[WhiteTitle "WIM"]
[BlackTitle "IM"]
[WhiteElo "2237"]
[BlackElo "2330"]
[WhiteTeam "Turkiye"]
[BlackTeam "France"]
[WhiteFideId "34557431"]
[BlackFideId "639370"]
[EventDate "2025.10.05"]

1. e4 e5 2. Nf3 Nc6 3. Nc3 Nf6 4. d4 exd4 5. Nxd4 Bb4 6. Nxc6 bxc6 7. Bd3 d5 8.
exd5 O-O 9. O-O Bg4 10. Ne2 cxd5 11. h3 Bh5 12. c3 Bd6 13. Qc2 Re8 14. Nf4 Bg6
15. Nxg6 hxg6 16. Bg5 Qd7 17. Rfe1 Re6 18. Rxe6 Qxe6 19. Qe2 Qxe2 20. Bxe2 Ne4
21. Be3 Rb8 22. Bf3 Rxb2 23. c4 a5 24. cxd5 Nd2 25. Be2 Be5 26. Bd3 a4 27. Rd1
Bc3 28. Rc1 Ba5 29. Rc2 a3 30. Bxd2 Bxd2 31. Rxb2 1/2-1/2

[Event "25th European Teams Women"]
[Site "Batumi GEO"]
[Date "2025.10.14"]
[Round "9.5"]
[Board "4"]
[White "Negre, Emilie"]
[Black "Yildiz, Elif Zeren"]
[Result "0-1"]
[WhiteTitle "WFM"]
[BlackTitle "WFM"]
[WhiteElo "2221"]
[BlackElo "2158"]
[WhiteTeam "France"]
[BlackTeam "Turkiye"]
[WhiteFideId "45187223"]
[BlackFideId "34588124"]
[EventDate "2025.10.05"]

1. d4 Nf6 2. c4 e6 3. Nc3 Bb4 4. e3 O-O 5. Bd2 Re8 6. Nf3 d5 7. Rc1 c6 8. Bd3 b6
9. cxd5 exd5 10. Ne5 Bd6 11. f4 c5 12. O-O Bb7 13. Be1 Nc6 14. Ne2 Ne7 15. Ng3
cxd4 16. exd4 Rc8 17. Rxc8 Bxc8 18. f5 Qc7 19. Ng4 Nxg4 20. Qxg4 Qc1 21. Qf3
Qxb2 22. Bf2 f6 23. Nh5 Rf8 24. Re1 Qd2 25. Bh4 Qc3 26. Qg4 Ng6 27. Bb5 Bxf5 28.
Qxf5 Nxh4 29. Qxd5+ Kh8 30. Rf1 Rd8 31. Qe4 Ng6 32. Re1 Bf8 33. Kh1 Rxd4 34. Qe8
Rd8 35. Qe6 Rd5 36. Bc4 Qxc4 37. Nxf6 Re5 0-1

[Event "25th European Teams Women"]
[Site "Batumi GEO"]
[Date "2025.10.14"]
[Round "9.6"]
[Board "1"]
[White "Khukhashvili, Sopiko"]
[Black "Kosteniuk, Alexandra"]
[Result "0-1"]
[WhiteTitle "IM"]
[BlackTitle "GM"]
[WhiteElo "2304"]
[BlackElo "2469"]
[WhiteTeam "Georgia 2"]
[BlackTeam "Switzerland"]
[WhiteFideId "13602055"]
[BlackFideId "4128125"]
[EventDate "2025.10.05"]

1. e4 e6 2. d4 d5 3. exd5 exd5 4. Bd3 Bd6 5. Nc3 Nf6 6. Nb5 Bb4+ 7. c3 Be7 8. a4
a6 9. Na3 O-O 10. Ne2 Ne4 11. f3 Nd6 12. Qc2 g6 13. O-O Bf5 14. Ng3 Bxd3 15.
Qxd3 Nd7 16. Nc2 f5 17. Bf4 Nf7 18. Rae1 Bd6 19. Ne2 Nf6 20. c4 dxc4 21. Qxc4
Re8 22. Be5 Bxe5 23. dxe5 Rxe5 24. Nf4 Rxe1 25. Rxe1 c6 26. Nd4 Nd5 27. Nde6
Qb6+ 28. Kh1 Qf2 29. Rg1 Re8 30. Nd3 Qd2 31. Nec5 Re2 32. Qb3 b6 33. Nd7 Re7 34.
Nb8 Re3 35. Rd1 Qe2 36. h3 Ne5 37. Nxc6 Rxd3 38. Ne7+ Kf8 39. Rxd3 Nxd3 40. Nxd5
Nc5 41. Qa2 Qd1+ 42. Kh2 Qxa4 43. Qb1 Qd4 44. Nc3 b5 45. Qc2 Qd3 46. Qc1 Ne6 47.
Qe1 Kf7 48. Nd1 Qd6+ 49. Kh1 b4 50. Ne3 Qc5 51. Qd2 Qd4 52. Qc1 a5 53. Nc4 a4
54. Qc2 Kf6 55. Kh2 b3 56. Qc1 Qf4+ 57. Qxf4 Nxf4 58. Kg1 Nd3 59. Kf1 Nxb2 60.
Na3 Ke5 61. Ke2 Kd4 0-1

[Event "25th European Teams Women"]
[Site "Batumi GEO"]
[Date "2025.10.14"]
[Round "9.6"]
[Board "2"]
[White "Manko, Mariia"]
[Black "Khurtsilava, Inga"]
[Result "0-1"]
[WhiteTitle "WIM"]
[BlackTitle "WGM"]
[WhiteElo "2298"]
[BlackElo "2128"]
[WhiteTeam "Switzerland"]
[BlackTeam "Georgia 2"]
[WhiteFideId "14199220"]
[BlackFideId "13600419"]
[EventDate "2025.10.05"]

1. d4 Nf6 2. c4 e6 3. g3 d5 4. Bg2 Be7 5. Nf3 O-O 6. O-O a5 7. Qc2 c6 8. Rd1 b6
9. Nbd2 Ba6 10. Ne5 Nfd7 11. Nxd7 Nxd7 12. e4 Rc8 13. b3 Bb4 14. Bb2 a4 15. Rac1
a3 16. Bc3 Qe7 17. Re1 Qd6 18. e5 Qe7 19. Qd1 Rfd8 20. Qg4 Bxc3 21. Rxc3 Qb4 22.
Rec1 c5 23. Nf3 dxc4 24. dxc5 Nxc5 25. Bf1 b5 26. bxc4 Qa4 27. Qh5 b4 28. Re3 h6
29. g4 Rd1 30. Rxd1 Qxd1 31. g5 hxg5 32. Re1 Qc2 33. Nxg5 Qg6 34. Qxg6 fxg6 35.
Rb1 Rb8 36. Bh3 Bxc4 37. Rc1 b3 38. axb3 a2 39. Ra1 Rxb3 40. Bf1 Rb1 0-1

[Event "25th European Teams Women"]
[Site "Batumi GEO"]
[Date "2025.10.14"]
[Round "9.6"]
[Board "3"]
[White "Gvetadze, Sofio"]
[Black "Hryzlova, Sofiia"]
[Result "1-0"]
[WhiteTitle "IM"]
[BlackTitle "WIM"]
[WhiteElo "2298"]
[BlackElo "2309"]
[WhiteTeam "Georgia 2"]
[BlackTeam "Switzerland"]
[WhiteFideId "13601440"]
[BlackFideId "14174669"]
[EventDate "2025.10.05"]

1. e4 c5 2. c3 Nf6 3. e5 Nd5 4. d4 d6 5. Nf3 cxd4 6. cxd4 Nc6 7. Bc4 Nb6 8. Bb3
dxe5 9. Nxe5 Nxe5 10. dxe5 Qxd1+ 11. Bxd1 Bf5 12. Bf3 O-O-O 13. O-O Kb8 14. e6
fxe6 15. Bf4+ Ka8 16. Nc3 g5 17. Be5 Rg8 18. Rfd1 Rxd1+ 19. Rxd1 Bh6 20. g4 Bc2
21. Rd4 Rc8 22. Nb5 a6 23. Nc7+ Ka7 24. Rb4 Nd5 25. Rc4 Bb1 26. Nb5+ axb5 27.
Rxc8 Bxa2 28. Be4 Bc4 29. Rh8 1-0

[Event "25th European Teams Women"]
[Site "Batumi GEO"]
[Date "2025.10.14"]
[Round "9.6"]
[Board "4"]
[White "Hakimifard, Ghazal"]
[Black "Koridze, Lile"]
[Result "1-0"]
[WhiteTitle "WGM"]
[BlackTitle "WFM"]
[WhiteElo "2206"]
[BlackElo "2104"]
[WhiteTeam "Switzerland"]
[BlackTeam "Georgia 2"]
[WhiteFideId "12506540"]
[BlackFideId "13612514"]
[EventDate "2025.10.05"]

1. e4 c5 2. Nf3 d6 3. Bb5+ Nd7 4. Ba4 Nf6 5. O-O g6 6. Re1 Bg7 7. c3 O-O 8. d4
cxd4 9. cxd4 e6 10. Nc3 a6 11. e5 dxe5 12. dxe5 Nd5 13. Nxd5 exd5 14. Qxd5 Nb6
15. Qxd8 Rxd8 16. Bg5 Rf8 17. Bb3 Bg4 18. Re4 Bf5 19. Rb4 Nd7 20. Re1 Rae8 21.
Rxb7 h6 22. Bd2 Nxe5 23. Nxe5 Rxe5 24. Rxe5 Bxe5 25. Bxh6 Rd8 26. Rxf7 Be6 27.
Rd7 1-0

[Event "25th European Teams Women"]
[Site "Batumi GEO"]
[Date "2025.10.14"]
[Round "9.7"]
[Board "1"]
[White "Tsolakidou, Stavroula"]
[Black "Bulmaga, Irina"]
[Result "1-0"]
[WhiteTitle "IM"]
[BlackTitle "IM"]
[WhiteElo "2453"]
[BlackElo "2396"]
[WhiteTeam "Greece"]
[BlackTeam "Romania"]
[WhiteFideId "4264312"]
[BlackFideId "13903063"]
[EventDate "2025.10.05"]

1. d4 Nf6 2. c4 e6 3. Nf3 b6 4. g3 Bb4+ 5. Bd2 Be7 6. Nc3 c6 7. e4 d5 8. Qc2
dxc4 9. Bxc4 O-O 10. e5 Nd5 11. h4 Nb4 12. Qe4 Ba6 13. Ng5 g6 14. Bxa6 N8xa6 15.
Ke2 c5 16. Nxh7 Kxh7 17. h5 Qxd4 18. hxg6+ Kg8 19. Rh7 Qxe4+ 20. Nxe4 Nc6 21.
Rah1 Rad8 22. Nf6+ Bxf6 23. exf6 Rxd2+ 24. Kxd2 Rd8+ 25. Kc1 1-0

[Event "25th European Teams Women"]
[Site "Batumi GEO"]
[Date "2025.10.14"]
[Round "9.7"]
[Board "2"]
[White "Cosma, Elena-Luminita"]
[Black "Avramidou, Anastasia"]
[Result "1/2-1/2"]
[WhiteTitle "WGM"]
[BlackTitle "FM"]
[WhiteElo "2237"]
[BlackElo "2316"]
[WhiteTeam "Romania"]
[BlackTeam "Greece"]
[WhiteFideId "1201590"]
[BlackFideId "4239873"]
[EventDate "2025.10.05"]

1. Nf3 Nf6 2. c4 e6 3. g3 c5 4. Bg2 Nc6 5. O-O d5 6. cxd5 exd5 7. d4 Be7 8. Nc3
Be6 9. dxc5 Bxc5 10. Bg5 d4 11. Ne4 Be7 12. Bxf6 Bxf6 13. Qd2 O-O 14. Rfd1 Bd5
15. Nxf6+ Qxf6 16. Qg5 Qxg5 17. Nxg5 Rad8 18. Rd2 Bc4 19. b3 Ba6 20. Bf1 Rfe8
21. Nf3 Kf8 22. Rad1 h6 23. h4 g6 24. Kg2 Kg7 25. Nxd4 Nxd4 26. Rxd4 Rxd4 27.
Rxd4 Bxe2 28. Rd7 Bxf1+ 29. Kxf1 Rb8 30. b4 a6 31. Ke2 Rc8 32. Kd2 Rb8 33. Kc3
Kf6 34. a4 g5 35. h5 Kf5 36. Rxf7+ Kg4 37. Rf6 Kxh5 38. f3 Rc8+ 39. Kd4 b5 40.
g4+ Kh4 41. Rxa6 Rc4+ 42. Ke3 bxa4 43. Rxh6+ Kg3 44. Rg6 Rxb4 45. Rxg5 Rb3+ 46.
Kd2 a3 47. Ra5 Rxf3 48. Kc2 1/2-1/2

[Event "25th European Teams Women"]
[Site "Batumi GEO"]
[Date "2025.10.14"]
[Round "9.7"]
[Board "3"]
[White "Pavlidou, Ekaterini"]
[Black "Lehaci, Miruna-Daria"]
[Result "0-1"]
[WhiteTitle "WIM"]
[BlackTitle "WIM"]
[WhiteElo "2217"]
[BlackElo "2212"]
[WhiteTeam "Greece"]
[BlackTeam "Romania"]
[WhiteFideId "4213262"]
[BlackFideId "1234765"]
[EventDate "2025.10.05"]

1. d4 e6 2. c4 d5 3. Nf3 a6 4. Bg5 Be7 5. Bxe7 Nxe7 6. Nbd2 Nd7 7. Rc1 O-O 8. g3
dxc4 9. Nxc4 b5 10. Na5 c5 11. Qd2 b4 12. Nc4 cxd4 13. Bg2 Bb7 14. O-O Rb8 15.
Qxd4 Nf6 16. Qf4 Nfd5 17. Qd2 Nf6 18. Qe3 Bd5 19. Nfe5 Bxg2 20. Kxg2 Qd5+ 21. f3
Qb5 22. Rfd1 Nfd5 23. Qf2 f6 24. Nd6 Qb6 25. Nec4 Qxf2+ 26. Kxf2 Rfd8 27. e4 Nb6
28. Na5 Nbc8 29. Ndb7 Re8 30. Rc7 Kf8 31. Nc5 Kf7 32. Rd6 Nxd6 0-1

[Event "25th European Teams Women"]
[Site "Batumi GEO"]
[Date "2025.10.14"]
[Round "9.7"]
[Board "4"]
[White "Sgircea, Silvia-Raluca"]
[Black "Christodoulaki, Antonia"]
[Result "1-0"]
[WhiteTitle "WIM"]
[BlackTitle "WFM"]
[WhiteElo "2219"]
[BlackElo "2171"]
[WhiteTeam "Romania"]
[BlackTeam "Greece"]
[WhiteFideId "1213776"]
[BlackFideId "4214935"]
[EventDate "2025.10.05"]

1. d4 d5 2. c4 e6 3. Nf3 Nf6 4. g3 Bb4+ 5. Bd2 Be7 6. Bg2 O-O 7. O-O c6 8. Qc2
Nbd7 9. Bf4 b6 10. Nbd2 Nh5 11. e3 Nxf4 12. exf4 Nf6 13. Ne5 Bb7 14. f5 exf5 15.
cxd5 cxd5 16. Qxf5 Qd6 17. a3 a5 18. Rfe1 Bd8 19. Rac1 g6 20. Qf4 Nh5 21. Qe3
Ra7 22. Nb1 b5 23. Nc3 Ba6 24. Nxd5 Nf6 25. Nxf6+ Bxf6 26. Rc6 Qd8 27. d5 Ra8
28. Qb6 Qxb6 29. Rxb6 Bg7 30. d6 Rae8 31. f4 Bc8 32. Rxb5 Rd8 33. Rd1 a4 34. Bc6
Be6 35. Rb4 f6 36. Nf3 Rb8 37. Rxb8 Rxb8 38. d7 Rd8 39. Bxa4 Bf8 40. b4 Be7 41.
Bc6 Kf7 42. Kg2 Bf8 43. Rd4 Ke7 44. Nd2 Bxd7 45. Rxd7+ Rxd7 46. Bxd7 Kxd7 47.
Kf3 f5 48. Ke3 Kc6 49. Kd4 Bg7+ 50. Kc4 Bb2 51. a4 Bc1 52. Nf3 Be3 53. a5 Kb7
54. b5 h6 55. Kd5 g5 56. Ke5 g4 57. Nh4 Bd2 58. a6+ 1-0

[Event "25th European Teams Women"]
[Site "Batumi GEO"]
[Date "2025.10.14"]
[Round "9.8"]
[Board "1"]
[White "Injac, Teodora"]
[Black "Movsesian, Julia"]
[Result "1-0"]
[WhiteTitle "IM"]
[BlackTitle "WGM"]
[WhiteElo "2436"]
[BlackElo "2220"]
[WhiteTeam "Serbia"]
[BlackTeam "Czech Republic"]
[WhiteFideId "932400"]
[BlackFideId "4139690"]
[EventDate "2025.10.05"]

1. Nf3 d5 2. g3 c6 3. Bg2 Bg4 4. h3 Bxf3 5. Bxf3 Nf6 6. O-O e6 7. d4 Bd6 8. Nd2
Nbd7 9. e4 dxe4 10. Nxe4 Nxe4 11. Bxe4 O-O 12. c3 Qc7 13. Bg2 Rae8 14. c4 e5 15.
c5 Be7 16. b4 exd4 17. Bf4 Qd8 18. Rb1 g5 19. Bc1 Ne5 20. Rb3 Bf6 21. Qh5 Ng6
22. b5 Re5 23. bxc6 bxc6 24. Ba3 Be7 25. Qg4 Bxc5 26. Bxc5 Rxc5 27. Rb4 d3 28.
Rd4 Qf6 29. Rxd3 Rc2 30. Rf3 Qe7 31. Rf5 Rc5 32. Rxc5 Qxc5 33. Qd7 Qa3 34. Qd2
Qe7 35. Bxc6 Rd8 36. Qa5 h6 37. Bg2 Rd7 38. Re1 Qf6 39. Qb5 Re7 40. Rd1 Kg7 41.
Qc5 Qb2 42. a4 a6 43. a5 Re5 44. Rd5 Rxd5 45. Qxd5 Ne5 46. Bf1 Qc3 47. Bxa6 Nf3+
48. Kg2 Ne1+ 49. Kh1 Nf3 50. Bc4 Ne5 51. Bf1 Qa1 52. Kg2 1-0

[Event "25th European Teams Women"]
[Site "Batumi GEO"]
[Date "2025.10.14"]
[Round "9.8"]
[Board "2"]
[White "Zelbova, Lada"]
[Black "Pogorelskikh, Sofia"]
[Result "0-1"]
[WhiteTitle "WFM"]
[BlackTitle "WIM"]
[WhiteElo "2169"]
[BlackElo "2289"]
[WhiteTeam "Czech Republic"]
[BlackTeam "Serbia"]
[WhiteFideId "23717882"]
[BlackFideId "44164548"]
[EventDate "2025.10.05"]

1. d4 d5 2. Nf3 Nf6 3. Bf4 e6 4. e3 c5 5. c3 Nc6 6. Nbd2 cxd4 7. exd4 Nh5 8. Be3
Bd6 9. Bd3 Nf4 10. Bxf4 Bxf4 11. O-O O-O 12. Re1 g6 13. Qe2 Qc7 14. Rac1 Bd7 15.
g3 Bh6 16. h4 Rae8 17. Ne5 Bc8 18. h5 f6 19. Nxc6 bxc6 20. hxg6 e5 21. gxh7+ Kh8
22. Bg6 Re7 23. Rcd1 Rg7 24. Qh5 Bxd2 25. Rxd2 e4 26. Bf5 Qf4 27. Bxc8 Qxd2 28.
Rd1 Qxb2 29. Bf5 Qxa2 30. Qh6 a5 31. Qf4 Qb2 32. Qd6 Qb8 33. Qxc6 e3 34. Kf1
exf2 35. Rd3 Rxg3 36. Kxf2 Qf4+ 37. Ke2 Rg2+ 0-1

[Event "25th European Teams Women"]
[Site "Batumi GEO"]
[Date "2025.10.14"]
[Round "9.8"]
[Board "3"]
[White "Velikic, Adela"]
[Black "Worek, Joanna"]
[Result "0-1"]
[WhiteTitle "WIM"]
[BlackTitle "WGM"]
[WhiteElo "2261"]
[BlackElo "2209"]
[WhiteTeam "Serbia"]
[BlackTeam "Czech Republic"]
[WhiteFideId "913553"]
[BlackFideId "1118080"]
[EventDate "2025.10.05"]

1. Nf3 Nf6 2. g3 d6 3. d4 g6 4. Bg2 Bg7 5. c4 O-O 6. Nc3 Nbd7 7. O-O e5 8. dxe5
dxe5 9. Qc2 c6 10. Rd1 Qe7 11. a4 Re8 12. b3 Nc5 13. Ba3 Bf5 14. Qa2 e4 15. Nd4
Qe5 16. b4 Ne6 17. e3 Bg4 18. Rd2 Ng5 19. Bb2 Nh3+ 20. Kh1 Qh5 21. Qb1 Bf3 22.
Nxf3 exf3 23. Bxh3 Qxh3 24. Qf1 Qh5 25. Rad1 Ng4 26. h3 Be5 27. Kg1 Bxg3 28.
fxg3 f2+ 29. Rxf2 Nxe3 30. Qe2 Qxe2 31. Rxe2 Nxd1 32. Ne4 Rxe4 0-1